00510nam a2200169Ia 450000500170000000800410001702000150005808200130007310000320008624500200011826000420013830000130018050000330019394200060022695200950023299900130032720250509034931.0240331s9999 xx 000 0 und d a9555691851 a129bSUM aSumangala thera, Kanimahara 0aSansara mandira aColombobRathna Book Publishersc1970 a367 p ., aTranslation Of Mini mentions cL 001040708LaWERCLbWERCLcSSCd2024-03-31l0o 129 SUMp2838r2024-03-31w2024-03-31yL c720d720